[Event "ICC tourney 583"]
[Site "West USA"]
[Date "2004.09.19"]
[Round "2"]
[White "Barnakov, Yuri"]
[Black "Movsisyan, Movses"]
[Result "1-0"]
[WhiteElo "2000"]
[BlackElo "2253"]
[PlyCount "155"]
[EventDate "2004.09.19"]
[EventType "swiss (blitz)"]
[EventRounds "9"]
[EventCountry "USA"]
[SourceTitle "EXT 2006"]
[Source "ChessBase"]
[SourceDate "2005.11.24"]
[SourceVersion "1"]
[SourceVersionDate "2005.11.24"]
[SourceQuality "1"]

1. e4 c5 2. Nf3 Nc6 3. d4 cxd4 4. Nxd4 g6 5. Nc3 Bg7 6. Be3 Nf6 7. Nxc6 bxc6 8. e5 Nd5 9. Nxd5 cxd5 10. Qxd5 Rb8 11. Bd4 0-0 12. Qc4 Qa5+ 13. Bc3 Qb6 14. Qd4 Qc7 15. f4 Bb7 16. Qe3 d6 17. 0-0-0 dxe5 18. fxe5 e6 19. h4 h5 20. Rg1 Rfd8 21. Bd3 Bd5 22. a3 Bf8 23. Be4 Bxe4 24. Qxe4 Rxd1+ 25. Rxd1 Bxa3 26. g4 hxg4 27. h5 Kg7 28. hxg6 fxg6 29. Qxg4 Bc5 30. Rd3 Qc6 31. b3 a5 32. Rg3 Qe8 33. Bxa5 Ba3+ 34. Kb1 Ra8 35. Bc3 Qf7 36. Rg1 Rc8 37. Bb2 Bxb2 38. Kxb2 Rc5 39. Qg3 Qe8 40. Rg2 Rd5 41. Qe3 Qb8 42. Re2 Qb4 43. Qc3 Qg4 44. Qe3 Qf5 45. Rf2 Qxe5+ 46. Qxe5+ Rxe5 47. c4 Rf5 48. Rg2 e5 49. Kc3 Kf6 50. c5 Ke6 51. Rxg6+ Kd5 52. b4 Rf3+ 53. Kc2 e4 54. c6 Rf2+ 55. Kb3 Rf3+ 56. Ka4 Rc3 57. b5 e3 58. Rg1 e2 59. Re1 Rc2 60. Ka5 Kc5 61. Ka6 Ra2+ 62. Kb7 Kxb5 63. c7 Rc2 64. Rxe2 Rxe2 65. c8Q Rd2 66. Qf5+ Kc4 67. Kc6 Rd4 68. Qf1+ Kb3 69. Kc5 Rd2 70. Qf3+ Kb2 71. Kc4 Rc2+ 72. Kb4 Rc8 73. Qe2+ Rc2 74. Qe5+ Kc1 75. Kb3 Rd2 76. Qe1+ Rd1 77. Qc3+ Kb1 78. Qb2# 1-0